00853nam a22001937a 4500008004000000020001800040050002500058100002600083245012400109260003600233300002900269440001600298504003900314650004100353650006300394700002800457710009700485710007700582140130t mx||||| |||| 00| 0 spa d a978607030270104aLB1727.M4 bT46 20111 aTenti Fanfani, Emilio14aLos Docentes mexicanos : bdatos e interpretaciones en perspectiva comparada / cEmilio Tenti Fanfani, Cora Steinberg.  aMéxico : bSiglo XXI, c2011  a174 p. :bil. ;c21 cm. 0aEducación aIncluye bibliografía e índice  4aMaestrosxCapacitación zMéxico  4aMaestrosxSociología de la educación zAmerica Latina 1 aSteinberg, Coraecoaut.2 aUNESCO ( Organización de las naciones unidas para la educación, la ciencia y la cultura)2 aInstituto internacional de planeamiento de la educación (Buenos Aires)